Score 0/12 Timer 01:00
0 Plays Today
Clue 4-Letter Word % Correct
Jagger of the Rolling StonesMICK
92.7%
Three of these were blind in a nursery rhymeMICE
91.7%
With first rung, 'Poker Face' and 'Bad Romance' singerGAGA
90.3%
With final rung, 'Poker Face' and 'Bad Romance' singerLADY
88.9%
The average of two and sixteenNINE
85%
Like an expensive and frilly braLACY
78.6%
The Beatles 'I Me ___'MINE
77.4%
Bobby Darin's '___ the Knife'MACK
75.8%
'I Try' singer GrayMACY
74.1%
Prefix for one-billion timesGIGA
57%
'Sinnerman' singer SimoneNINA
55.6%
Actress Lollobrigida or GershonGINA
53.9%

Today's Daily Dose

Word Ladder
Folklore Song

Get the Picture
'B' Sanders

Remove Ads.
Support Sporcle.
Get the best of Sporcle when you Go Orange. This ad-free experience offers more features, more stats, and more fun while also helping to support Sporcle. Thank you for becoming a member.

You're not logged in!

Compare scores with friends on all Sporcle quizzes.
OR
Log In

Show Comments

Extras

Top Quizzes Today


Score Distribution

Your Account Isn't Verified!

In order to create a playlist on Sporcle, you need to verify the email address you used during registration. Go to your Sporcle Settings to finish the process.

Report this User

Report this user for behavior that violates our Community Guidelines.

Details: